00563nam a2200193Ia 4500008004100000020001500041082001800056100002500074245003600099250000800135260002900143300001100172500002400183650001500207700001900222942000700241952010600248999001500354230524s9999 xx 000 0 und d a8188429589 a621.3192bMAN aB.V.Manikandan96239 0aElectrical Mechanics and Drives a1ST aNEW DELHIbScitechc2004 aXI;174 aQuantity Number: 1 aElectrical a I Kthir96240 cBK 00104070aTATCLbTATCLcGENd2023-05-24l0o621.3192 MANp597r2023-05-24w2023-05-24yBKzCPEC5203 c8756d8756